| 000 | 00463pab a2200169 454500 | ||
|---|---|---|---|
| 008 | 180718b2011 xxu||||| |||| 00| 0 eng d | ||
| 100 | _aDobson, Rachael | ||
| 245 | _aHomelessness and housing support services: Rationales and policies under new labour (Review article) | ||
| 260 | _c2011 | ||
| 300 | _ap.581-589. | ||
| 362 | _aOct | ||
| 650 | _aHomeless | ||
| 700 | _aMc Neill, Jenny | ||
| 773 | _aSocial Policy and Society | ||
| 908 | _aN | ||
| 909 | _a93932 | ||
| 999 |
_c93932 _d93932 |
||